[Event "FRA-chT1B 0708"]
[Site "France"]
[Date "2007.12.15"]
[Round "4.8"]
[White "Forestier, Carole"]
[Black "Lamotte, Gaelle"]
[Result "1-0"]
[WhiteElo "1975"]
[BlackElo "1915"]
[PlyCount "69"]
[EventDate "2007.10.21"]
[EventType "team"]
[EventRounds "11"]
[EventCountry "FRA"]
[SourceTitle "EXT 2009"]
[Source "ChessBase"]
[SourceDate "2008.11.26"]
[SourceVersion "1"]
[SourceVersionDate "2008.11.26"]
[SourceQuality "1"]
[WhiteTeam "Grasse"]
[BlackTeam "Besancon TPG"]
[WhiteTeamCountry "FRA"]
[BlackTeamCountry "FRA"]

1. d4 e6 2. Nf3 Nf6 3. c4 b6 4. g3 Bb7 5. Bg2 Be7 6. 0-0 0-0 7. Nc3 d6 8. Re1 Ne4 9. Qc2 f5 10. Nd2 d5 11. Ndxe4 fxe4 12. Bh3 Rf6 13. Bf4 c6 14. Rad1 Nd7 15. f3 exf3 16. exf3 Nf8 17. Re3 c5 18. Ne2 Qe8 19. Bg5 Rg6 20. Bxe7 Qxe7 21. Nf4 Qg5 22. Kf2 Rh6 23. Qc3 dxc4 24. Nxe6 Nxe6 25. Bxe6+ Kh8 26. h4 Qf6 27. Qxc4 Rd8 28. Bd5 Bxd5 29. Qxd5 Qf8 30. Qe4 Rhd6 31. d5 Kg8 32. Qg4 Qf7 33. Re5 Qf6 34. Qe4 Kf8 35. Rf5 1-0